[Event "37Chess Olympiad 2006 general"]
[Site "Turin, Italia"]
[Date "2006.05.24"]
[Round "4"]
[Board "1"]
[White "Kulaots, Kaido"]
[Black "Nisipeanu, Liviu Dieter"]
[Result "1/2-1/2"]
[WhiteElo "2557"]
[BlackElo "2695"]
[PlyCount "38"]
[EventDate "2006.05.21"]
[EventType "team"]
[EventRounds "13"]
[EventCountry "AUT"]
[WhiteTeam "Estonia"]
[BlackTeam "Romania"]

1.e4 c5 2.Nf3 e6 3.d4 cxd4 4.Nxd4 Nc6 5.Nc3 Qc7 6.Be3 Nf6 7.f4 Bb4 8.Ndb5 Qa5
9.e5 Ne4 10.Qd3 f5 11.exf6 Nxf6 12.Nd6+ Bxd6 13.Qxd6 Ne4 14.Qd3 Nxc3 15.Bd2 O-O
16.bxc3 e5 17.c4 Qb6 18.O-O-O d6 19.Qd5+ Kh8 1/2-1/2

[Event "37Chess Olympiad 2006 general"]
[Site "Turin, Italia"]
[Date "2006.05.27"]
[Round "6"]
[Board "1"]
[White "Belkhodja, Slim"]
[Black "Kulaots, Kaido"]
[Result "1/2-1/2"]
[WhiteElo "2506"]
[BlackElo "2557"]
[PlyCount "45"]
[EventDate "2006.05.21"]
[EventType "team"]
[EventRounds "13"]
[EventCountry "AUT"]
[WhiteTeam "Tunisia"]
[BlackTeam "Estonia"]

1.e4 c5 2.Nf3 d6 3.Bb5+ Nd7 4.d4 Ngf6 5.O-O cxd4 6.Qxd4 g6 7.e5 dxe5 8.Qxe5 Bg7
9.Re1 e6 10.Qd6 a6 11.Ba4 Qe7 12.Qxe7+ Kxe7 13.Nc3 b5 14.Bb3 Bb7 15.Ng5 Nc5
16.Be3 Nxb3 17.axb3 Rhc8 18.Bd4 h6 19.Nge4 Nxe4 20.Bxg7 Nxc3 21.Bxc3 Bd5 22.Rad1
Kf8 23.b4 1/2-1/2

[Event "37th Chess Olympiad 2006 Women"]
[Site "Turin, Italia"]
[Date "2006.05.21"]
[Round "1"]
[Board "1"]
[White "Tsiganova, Monika"]
[Black "Toubal, Wissam"]
[Result "1-0"]
[WhiteElo "2267"]
[BlackElo "1963"]
[PlyCount "101"]
[EventDate "2006.05.21"]
[EventType "team"]
[EventRounds "13"]
[EventCountry "AUT"]
[WhiteTeam "Estonia"]
[BlackTeam "Algeria"]

1.d4 d5 2.c4 e6 3.cxd5 exd5 4.Nc3 Nf6 5.Bg5 Be7 6.Qc2 c6 7.e3 Nbd7 8.Bd3 O-O
9.Nge2 Re8 10.O-O Nf8 11.Rab1 Bg4 12.Ng3 Nh5 13.Bxe7 Rxe7 14.Na4 Rc7 15.b4 Nf6
16.h3 Bd7 17.Rfc1 Rac8 18.Nc5 g6 19.Ne2 Ne6 20.Rb3 Ne8 21.e4 dxe4 22.Nxe4 f5
23.Nc5 Nd6 24.Rc3 Nxc5 25.dxc5 Nf7 26.Bc4 Qf6 27.Nf4 Re8 28.Rd3 Kf8 29.Rcd1 Bc8
30.Qd2 Ne5 31.Rd6 Qe7 32.Be6 Qg5 33.Kh1 Qe7 34.Qd4 Nf7 35.Bxc8 Rcxc8 36.Ne6+
Qxe6 37.Rxe6 Rxe6 38.Qh4 Kg7 39.Rd7 Re4 40.Qg3 Rce8 41.Qc3+ Kg8 42.Qf6 Re1+
43.Kh2 Rf8 44.Rxb7 Re2 45.Rxa7 Rxf2 46.a4 f4 47.Kg1 Ra2 48.Qxc6 Ra1+ 49.Kh2 f3
50.Qxf3 Nd8 51.Qd5+ 1-0

[Event "37th Chess Olympiad 2006 Women"]
[Site "Turin, Italia"]
[Date "2006.05.23"]
[Round "3"]
[Board "1"]
[White "Khoudgarian, Natalia"]
[Black "Tsiganova, Monika"]
[Result "0-1"]
[WhiteElo "2123"]
[BlackElo "2267"]
[PlyCount "77"]
[EventDate "2006.05.21"]
[EventType "team"]
[EventRounds "13"]
[EventCountry "AUT"]
[WhiteTeam "Canada"]
[BlackTeam "Estonia"]

1.e4 c6 2.d4 d5 3.Nd2 dxe4 4.Nxe4 Nd7 5.Nf3 Ngf6 6.Nc3 e6 7.Bd3 Bd6 8.Bg5 h6
9.Bh4 Qc7 10.Qe2 Bb4 11.O-O Nh5 12.d5 Nf4 13.Qe4 Bxc3 14.dxe6 Nxe6 15.bxc3 Ndc5
16.Qe3 Nxd3 17.cxd3 O-O 18.Ne5 Re8 19.Rfe1 Nf8 20.Qc5 Be6 21.a4 Nd7 22.Nxd7 Qxd7
23.Re3 b6 24.Qb4 Bf5 25.Rae1 Rxe3 26.Rxe3 Bxd3 27.Re7 Qd5 28.h3 Bf5 29.c4 Qd4
30.Bg3 Be6 31.Rc7 c5 32.Qe1 Qxc4 33.a5 Qa4 34.Be5 Rd8 35.Qc3 Qd1+ 36.Kh2 Rd3
37.Qb2 Rb3 38.Qa1 Rb1 39.Qc3 0-1

[Event "37th Chess Olympiad 2006 Women"]
[Site "Turin, Italia"]
[Date "2006.05.24"]
[Round "4"]
[Board "1"]
[White "Peng, Zhao Qin"]
[Black "Tsiganova, Monika"]
[Result "0-1"]
[WhiteElo "2395"]
[BlackElo "2267"]
[PlyCount "96"]
[EventDate "2006.05.21"]
[EventType "team"]
[EventRounds "13"]
[EventCountry "AUT"]
[WhiteTeam "Netherlands"]
[BlackTeam "Estonia"]

1.d4 Nf6 2.c4 e6 3.Nf3 b6 4.g3 Ba6 5.b3 Bb7 6.Bg2 Bb4+ 7.Bd2 a5 8.O-O O-O 9.Bg5
a4 10.bxa4 h6 11.a3 Ba5 12.Bf4 d6 13.Qb3 Nbd7 14.Rd1 Qe7 15.Bd2 Ne4 16.Bb4 c5
17.Nbd2 d5 18.Bxa5 Rxa5 19.Nxe4 dxe4 20.Ne5 Nxe5 21.dxe5 Qc7 22.Rdb1 Rd8 23.Rb2
Qxe5 24.Qxb6 Raa8 25.Rab1 Ba6 26.Qb3 Rd4 27.e3 Rxc4 28.a5 Rc3 29.Qa4 Bd3 30.Re1
Rc4 31.Qc6 Qxb2 32.Qxa8+ Kh7 33.a6 Qd2 34.Rf1 Ra4 35.Qe8 Rxa3 36.Qxf7 Rxa6 37.h4
Qb2 38.h5 Qf6 39.Qb7 Qf5 40.Rd1 Ra2 41.f4 exf3 42.Bxf3 Qe5 43.Kh1 Bf5 44.Rg1
Qxe3 45.Rg2 Rxg2 46.Kxg2 Qd2+ 47.Kg1 Qd4+ 48.Kg2 c4 0-1

[Event "37th Chess Olympiad 2006 Women"]
[Site "Turin, Italia"]
[Date "2006.05.25"]
[Round "5"]
[Board "1"]
[White "Tsiganova, Monika"]
[Black "Peptan, Corina Isabela"]
[Result "0-1"]
[WhiteElo "2267"]
[BlackElo "2408"]
[PlyCount "82"]
[EventDate "2006.05.21"]
[EventType "team"]
[EventRounds "13"]
[EventCountry "AUT"]
[WhiteTeam "Estonia"]
[BlackTeam "Romania"]

1.d4 Nf6 2.c4 e6 3.Nf3 b6 4.e3 Bb7 5.Bd3 d5 6.O-O Bd6 7.Nc3 O-O 8.Qe2 Ne4 9.Qc2
f5 10.cxd5 exd5 11.Nb5 Nc6 12.Nxd6 Qxd6 13.a3 Rae8 14.b4 a6 15.Bb2 Re7 16.Ne5
Nxe5 17.dxe5 Qg6 18.f3 Ng5 19.Kh1 Qf7 20.f4 Ne6 21.a4 c5 22.bxc5 bxc5 23.Ba3 Rc7
24.Rab1 Qg6 25.Rb6 a5 26.Rfb1 Bc8 27.Qd2 Qf7 28.Be2 Rd8 29.Bf3 d4 30.Rd6 Qe7
31.Rbb6 dxe3 32.Qxe3 Nd4 33.Bd5+ Kh8 34.Rxd8+ Qxd8 35.Rd6 Qe8 36.Qc3 Bd7 37.Qxa5
Rc8 38.Bxc5 Ne2 39.e6 Bxa4 40.e7 Qxe7 41.Qxa4 Qxd6 0-1

[Event "37th Chess Olympiad 2006 Women"]
[Site "Turin, Italia"]
[Date "2006.05.28"]
[Round "7"]
[Board "1"]
[White "Tsiganova, Monika"]
[Black "Hoang, Thanh Trang"]
[Result "0-1"]
[WhiteElo "2267"]
[BlackElo "2487"]
[PlyCount "0"]
[EventDate "2006.05.21"]
[EventType "team"]
[EventRounds "13"]
[EventCountry "AUT"]
[WhiteTeam "Estonia"]
[BlackTeam "Hungary"]

1.d4 Nf6 2.c4 e6 3.Nf3 b6 4.e3 Bb7 5.Bd3 Be7 6.O-O O-O 7.Nc3 d5 8.Qe2 c5 9.cxd5
exd5 10.b3 Nc6 11.Rd1 cxd4 12.exd4 Re8 13.Bg5 h6 14.Bh4 Ne4 15.Bxe7 Rxe7 16.Qb2
Qd6 17.Rac1 Rd8 18.a3 Qf6 19.Ne2 Rde8 20.b4 Nd6 21.Ng3 g6 22.b5 Na5 23.Ne5 Nac4
24.Nxc4 dxc4 25.Bf1 h5 26.a4 h4 27.Ne2 Bxg2 28.Kxg2 h3+ 29.Kxh3 Qf3+ 30.Ng3 f6 0-1

[Event "37th Chess Olympiad 2006 Women"]
[Site "Turin, Italia"]
[Date "2006.05.29"]
[Round "8"]
[Board "1"]
[White "Marrero Lopez, Yaniet"]
[Black "Tsiganova, Monika"]
[Result "1-0"]
[WhiteElo "2269"]
[BlackElo "2267"]
[PlyCount "0"]
[EventDate "2006.05.21"]
[EventType "team"]
[EventRounds "13"]
[EventCountry "AUT"]
[WhiteTeam "Cuba"]
[BlackTeam "Estonia"]

1.e4 c6 2.d4 d5 3.e5 Bf5 4.c4 dxc4 5.Bxc4 e6 6.Nc3 Nd7 7.Nge2 Ne7 8.O-O h5 9.Ng3
Nb6 10.Bb3 Bg6 11.Bg5 Qd7 12.Qd2 Nf5 13.Rad1 Be7 14.Bxe7 Qxe7 15.Nce4 Nc8
16.Nxf5 Bxf5 17.Ng3 Bg6 18.f4 h4 19.f5 hxg3 20.fxg6 gxh2+ 21.Kh1 fxg6 22.Bc2 Rh6
23.Rf6 gxf6 24.Qxh6 f5 25.Qxg6+ Qf7 26.Qh6 Ne7 27.Bb3 Kd7 28.Qd2 Nd5 29.Bxd5
exd5 30.Qb4 Ke8 31.Rf1 Rd8 32.Qa3 Qh5 33.Qd3 Ke7 34.Rxf5 Qh4 35.Qa3+ Kd7 36.Rf7+
Kc8 37.Qa5 Rd7 38.Rf8+ Rd8 39.Rxd8+ Qxd8 40.Qxd8+ Kxd8 41.Kxh2 a5 42.g4 Ke7
43.g5 Kf7 44.Kg3 b6 45.Kf4 c5 46.dxc5 bxc5 47.Kf5 d4 48.g6+ Ke7 49.e6 d3 50.g7
d2 51.g8=Q d1=Q 52.Qf7+ 1-0

[Event "37th Chess Olympiad 2006 Women"]
[Site "Turin, Italia"]
[Date "2006.05.30"]
[Round "9"]
[Board "1"]
[White "Rogule, Laura"]
[Black "Tsiganova, Monika"]
[Result "1-0"]
[WhiteElo "2309"]
[BlackElo "2267"]
[PlyCount "0"]
[EventDate "2006.05.21"]
[EventType "team"]
[EventRounds "13"]
[EventCountry "AUT"]
[WhiteTeam "Latvia"]
[BlackTeam "Estonia"]

1.e4 c5 2.Nc3 Nc6 3.g3 g6 4.Bg2 Bg7 5.d3 d6 6.Be3 Rb8 7.Qd2 Nd4 8.Nd1 e5 9.c3
Ne6 10.Ne2 h5 11.f4 Nh6 12.Nf2 b5 13.d4 exf4 14.Nxf4 Nxf4 15.Bxf4 cxd4 16.cxd4
Qb6 17.Be3 d5 18.O-O Bb7 19.Rae1 Kf8 20.Nd3 Ng4 21.Nc5 Bc6 22.exd5 Nxe3 23.Qxe3
Kg8 24.dxc6 Rd8 25.d5 f5 26.Ne6 1-0

[Event "37th Chess Olympiad 2006 Women"]
[Site "Turin, Italia"]
[Date "2006.06.02"]
[Round "11"]
[Board "1"]
[White "Tsiganova, Monika"]
[Black "Guerrero Rodriguez, Alejandra"]
[Result "0-1"]
[WhiteElo "2267"]
[BlackElo "2157"]
[PlyCount "0"]
[EventDate "2006.05.21"]
[EventType "team"]
[EventRounds "13"]
[EventCountry "AUT"]
[WhiteTeam "Estonia"]
[BlackTeam "Mexico"]

1.d4 Nf6 2.Nf3 g6 3.c4 c5 4.d5 e6 5.Nc3 exd5 6.cxd5 d6 7.e4 Bg7 8.Bd3 O-O 9.O-O
Bg4 10.Bf4 Nh5 11.Be3 Nd7 12.Be2 a6 13.a4 Rb8 14.h3 Bxf3 15.Bxf3 Nhf6 16.a5 b5
17.axb6 Rxb6 18.Bc1 c4 19.Ra4 Ne5 20.Be2 Nfd7 21.f4 Nd3 22.Rxc4 Nxb2 23.Bxb2
Rxb2 24.Na4 Ra2 25.Kh1 Qa5 26.Bd3 Rd2 27.Qe1 Nc5 28.Nxc5 dxc5 29.Rxc5 Qa2 30.Bb1
Qb2 31.Qg3 Bd4 32.Rc6 Rb8 33.Qg4 Kg7 34.Rcc1 h5 35.Qg5 Rb3 36.Bc2 Bf6 37.Bxb3
Bxg5 38.Rb1 Qd4 39.fxg5 Qxe4 40.Rg1 Rxg2 0-1

[Event "37th Chess Olympiad 2006 Women"]
[Site "Turin, Italia"]
[Date "2006.05.23"]
[Round "3"]
[Board "2"]
[White "Bashkite, Viktoria"]
[Black "Starr, Nava"]
[Result "1-0"]
[WhiteElo "2205"]
[BlackElo "2169"]
[PlyCount "87"]
[EventDate "2006.05.21"]
[EventType "team"]
[EventRounds "13"]
[EventCountry "AUT"]
[WhiteTeam "Estonia"]
[BlackTeam "Canada"]

1.e4 e5 2.Nf3 Nf6 3.Nxe5 d6 4.Nf3 Nxe4 5.Nc3 Nxc3 6.dxc3 Be7 7.Bf4 Nc6 8.Qd2 O-O
9.O-O-O Bg4 10.Be2 Bf6 11.h3 Be6 12.Kb1 a6 13.Nd4 Qd7 14.Rhe1 Ne5 15.Bg5 Bxg5
16.Qxg5 Qd8 17.Qg3 Qf6 18.f4 Nc6 19.Qf3 Nxd4 20.cxd4 c6 21.Bd3 Rfe8 22.g4 Bd7
23.g5 Qd8 24.Rxe8+ Bxe8 25.Qg3 f6 26.Re1 Bf7 27.h4 f5 28.Bxf5 Bxa2+ 29.Kxa2 Qa5+
30.Kb1 Qxf5 31.Re7 b5 32.Qc3 Qxf4 33.Qxc6 Qf1+ 34.Ka2 Qc4+ 35.Qxc4+ bxc4 36.Rd7
Re8 37.Rxd6 Re4 38.h5 Kf8 39.h6 gxh6 40.gxh6 a5 41.Rd7 Rh4 42.Rxh7 Rxd4 43.Ra7
Rh4 44.h7 1-0

[Event "37th Chess Olympiad 2006 Women"]
[Site "Turin, Italia"]
[Date "2006.05.24"]
[Round "4"]
[Board "2"]
[White "Bashkite, Viktoria"]
[Black "Bosboom Lanchava, Tea"]
[Result "1-0"]
[WhiteElo "2205"]
[BlackElo "2380"]
[PlyCount "137"]
[EventDate "2006.05.21"]
[EventType "team"]
[EventRounds "13"]
[EventCountry "AUT"]
[WhiteTeam "Estonia"]
[BlackTeam "Netherlands"]

1.e4 d6 2.d4 g6 3.Nf3 Bg7 4.Bc4 Nf6 5.Qe2 O-O 6.e5 Ne8 7.h3 c5 8.dxc5 dxe5 9.O-O
Nc6 10.c3 e6 11.Na3 Qe7 12.Be3 f5 13.Bg5 Qf7 14.Bb5 h6 15.Bd2 Qc7 16.Nc4 e4
17.Nd4 e5 18.Nc2 Bd7 19.Rad1 Nf6 20.Bc1 f4 21.Rxd7 Nxd7 22.Qxe4 Kh7 23.b4 Nf6
24.Qe2 Nd5 25.Bxc6 bxc6 26.Qf3 e4 27.Qxe4 Nxc3 28.Qf3 Qf7 29.N2a3 Qd5 30.Bb2
Qxf3 31.gxf3 Ne2+ 32.Kg2 Bxb2 33.Nxb2 a5 34.b5 cxb5 35.Nxb5 Rf5 36.Na4 Rb8
37.Nd6 Rg5+ 38.Kh2 Nd4 39.Rc1 Nxf3+ 40.Kh1 Rd5 41.Nb6 Rd2 42.Ne4 Re2 43.Nd7 Rc8
44.Kg2 Ne5 45.Nd6 Rc7 46.Nf6+ Kh8 47.Rb1 f3+ 48.Kg3 Nc6 49.Rb6 Re5 50.Nfe8 Rg5+
51.Kf4 Rxc5 52.Nxc7 g5+ 53.Kg3 Ne5 54.Ne6 Rc1 55.Rb8+ Kh7 56.Nf8+ Kg7 57.Nf5+
Kf6 58.Ne3 h5 59.h4 g4 60.Rb6+ Kf7 61.Ne6 Nd3 62.Ng5+ Ke8 63.Ne4 Rh1 64.Nf6+ Kf8
65.Nxh5 Rh3+ 66.Kxg4 Nxf2+ 67.Kf5 Rxh4 68.Nf4 Nh1 69.Ng6+ 1-0

[Event "37th Chess Olympiad 2006 Women"]
[Site "Turin, Italia"]
[Date "2006.05.30"]
[Round "9"]
[Board "2"]
[White "Bashkite, Viktoria"]
[Black "Safranska, Anda"]
[Result "1-0"]
[WhiteElo "2205"]
[BlackElo "2279"]
[PlyCount "0"]
[EventDate "2006.05.21"]
[EventType "team"]
[EventRounds "13"]
[EventCountry "AUT"]
[WhiteTeam "Estonia"]
[BlackTeam "Latvia"]

1.d4 g6 2.Nf3 Bg7 3.c4 Nf6 4.g3 d6 5.Bg2 O-O 6.O-O Nc6 7.Nc3 Rb8 8.h3 Bd7 9.e4
e5 10.dxe5 dxe5 11.Be3 Re8 12.Qe2 Qc8 13.Kh2 a6 14.Rfd1 Be6 15.b3 h6 16.Qc2 Nd7
17.Nd5 Kh7 18.Rac1 f5 19.Nh4 f4 20.gxf4 exf4 21.Nxf4 Bf7 22.Nfxg6 Bxg6 23.Nxg6
Kxg6 24.e5+ Kf7 25.Qf5+ Ke7 26.e6 Rf8 27.Qg4 Be5+ 28.f4 Nf6 29.Qg7+ Kxe6 30.fxe5
Nxe5 31.Bd5+ Nxd5 32.cxd5+ Kf5 33.Rf1+ Ke4 34.Rc4+ Kxd5 35.Rd4+ Ke6 36.Qxh6+ Ke7
37.Bg5+ 1-0

[Event "37th Chess Olympiad 2006 Women"]
[Site "Turin, Italia"]
[Date "2006.05.31"]
[Round "10"]
[Board "1"]
[White "Bashkite, Viktoria"]
[Black "Pourkashiyan, Atousa"]
[Result "1/2-1/2"]
[WhiteElo "2205"]
[BlackElo "2311"]
[PlyCount "0"]
[EventDate "2006.05.21"]
[EventType "team"]
[EventRounds "13"]
[EventCountry "AUT"]
[WhiteTeam "Estonia"]
[BlackTeam "Iran"]

1.e4 e5 2.Nf3 Nf6 3.Nxe5 d6 4.Nf3 Nxe4 5.Nc3 Nxc3 6.dxc3 Be7 7.Be3 Nc6 8.Qd2 Be6
9.Nd4 Nxd4 10.cxd4 d5 11.Bd3 Qd7 12.O-O h6 13.Bf4 Bf6 14.Qb4 c6 15.Rae1 Be7
16.Qd2 O-O-O 17.Qa5 a6 18.Qb6 Bd6 19.Bxd6 Qxd6 20.f4 Qc7 21.Qc5 Qd6 22.Qb6 Qc7
23.Qc5 Qd6 1/2-1/2

[Event "37th Chess Olympiad 2006 Women"]
[Site "Turin, Italia"]
[Date "2006.06.02"]
[Round "11"]
[Board "2"]
[White "Carreras Mendiolea, Paulina Adria"]
[Black "Bashkite, Viktoria"]
[Result "0-1"]
[WhiteElo "1935"]
[BlackElo "2205"]
[PlyCount "0"]
[EventDate "2006.05.21"]
[EventType "team"]
[EventRounds "13"]
[EventCountry "AUT"]
[WhiteTeam "Mexico"]
[BlackTeam "Estonia"]

1.e4 e6 2.d4 d5 3.exd5 exd5 4.Bd3 Bd6 5.Qf3 Nc6 6.Ne2 Nf6 7.h3 Nb4 8.O-O Nxd3
9.Qxd3 O-O 10.Nbc3 c6 11.Bg5 h6 12.Bd2 Re8 13.Ng3 Qc7 14.Nf5 Bh2+ 15.Kh1 Ne4
16.Ne3 Bd6 17.Rae1 f5 18.a3 Qf7 19.Ned1 Bd7 20.Bc1 Re7 21.Ne2 Rae8 22.Qf3 f4
23.Kg1 Ng5 24.Qd3 Bf5 25.Qd2 Bxh3 26.Nxf4 Bxf4 27.Qxf4 Qxf4 28.Bxf4 Nf3+ 29.gxf3
Rxe1 30.Rxe1 Rxe1+ 31.Kh2 Rxd1 32.Kxh3 Rxd4 33.Be3 Rc4 34.c3 a5 35.Bb6 a4 36.Kg3
Kf7 37.f4 Ke6 38.Bd4 Rxd4 39.cxd4 Kf5 40.Kf3 g6 41.Ke3 h5 42.Kf3 h4 43.Ke3 Kg4
44.f3+ Kg3 45.Kd3 h3 46.Kc3 h2 47.f5 gxf5 48.f4 h1=Q 49.Kb4 Qd1 50.Ka5 Kxf4
51.b4 axb3 52.a4 b2 53.Kb6 b1=Q+ 54.Ka5 b6+ 55.Ka6 Qxa4+ 56.Kb7 Ke4 57.Kc7 Kxd4
58.Kd6 Qbb4+ 59.Ke6 f4 60.Kf7 f3 61.Ke8 c5+ 62.Kd8 c4 63.Kc8 Qc6+ 0-1

[Event "37th Chess Olympiad 2006 Women"]
[Site "Turin, Italia"]
[Date "2006.06.03"]
[Round "12"]
[Board "2"]
[White "Bashkite, Viktoria"]
[Black "Cua, Sherily"]
[Result "1/2-1/2"]
[WhiteElo "2205"]
[BlackElo "1954"]
[PlyCount "0"]
[EventDate "2006.05.21"]
[EventType "team"]
[EventRounds "13"]
[EventCountry "AUT"]
[WhiteTeam "Estonia"]
[BlackTeam "Philippines"]

1.e4 c6 2.c4 d5 3.exd5 cxd5 4.cxd5 Nf6 5.Nc3 g6 6.Bb5+ Nbd7 7.Nf3 Bg7 8.d6 exd6
9.O-O O-O 10.d4 a6 11.Bd3 b5 12.Bf4 Nb6 13.Ne4 Nxe4 14.Bxe4 d5 15.Bd3 Bg4 16.Be2
Nc4 17.b3 Nd6 18.Rc1 Ne4 19.Ne5 Bxe2 20.Qxe2 Re8 21.f3 Nd6 22.Qd2 Nf5 23.Rc6 Re6
24.Rfc1 Qe8 25.Rxe6 Qxe6 26.Rc6 Qe8 27.Rc5 Qe6 28.Rc6 Qe8 29.Rc5 Qe6 1/2-1/2

[Event "37th Chess Olympiad 2006 Women"]
[Site "Turin, Italia"]
[Date "2006.05.22"]
[Round "2"]
[Board "3"]
[White "Gansvind, Valeria"]
[Black "Goletiani, Rusudan"]
[Result "0-1"]
[WhiteElo "2267"]
[BlackElo "2371"]
[PlyCount "64"]
[EventDate "2006.05.21"]
[EventType "team"]
[EventRounds "13"]
[EventCountry "AUT"]
[WhiteTeam "Estonia"]
[BlackTeam "USA"]

1.d4 e6 2.Nf3 Nf6 3.Bg5 h6 4.Bh4 g5 5.Bg3 Ne4 6.e3 d5 7.Bd3 h5 8.Ne5 h4 9.f3
hxg3 10.fxe4 Nd7 11.Nxd7 Bxd7 12.e5 gxh2 13.Qf3 c5 14.c3 Qb6 15.b3 Bg7 16.Nd2
Qa5 17.Rc1 Rc8 18.Qd1 cxd4 19.cxd4 Rxc1 20.Qxc1 Bf8 21.Kf2 Bb4 22.Nf3 Qxa2+
23.Qc2 Qxc2+ 24.Bxc2 g4 25.Nxh2 Ke7 26.Bd1 a5 27.Bxg4 b5 28.Kg3 a4 29.bxa4 bxa4
30.Ra1 Bc3 31.Rd1 a3 32.Nf3 a2 0-1

[Event "37th Chess Olympiad 2006 Women"]
[Site "Turin, Italia"]
[Date "2006.05.24"]
[Round "4"]
[Board "3"]
[White "Schuurman, Petra"]
[Black "Gansvind, Valeria"]
[Result "0-1"]
[WhiteElo "2258"]
[BlackElo "2267"]
[PlyCount "94"]
[EventDate "2006.05.21"]
[EventType "team"]
[EventRounds "13"]
[EventCountry "AUT"]
[WhiteTeam "Netherlands"]
[BlackTeam "Estonia"]

1.d4 g6 2.c4 Bg7 3.e4 d6 4.Nc3 Nc6 5.Be3 e5 6.Nge2 exd4 7.Nxd4 Bd7 8.Be2 Nf6
9.h4 Ne5 10.f3 Nh5 11.Bf2 Nf4 12.Bf1 h5 13.Be3 Ne6 14.Nc2 a6 15.Be2 Nc5 16.Nd4
Ne6 17.Nxe6 Bxe6 18.Nd5 Qd7 19.Bg5 Qc6 20.Rc1 Nd7 21.Qd2 b6 22.O-O a5 23.Kh1 Qb7
24.Rfe1 f6 25.Be3 Ne5 26.f4 Ng4 27.Bd4 O-O 28.f5 Bxd5 29.Bxg4 Bxe4 30.Bh3 Rae8
31.Qf4 Qc6 32.fxg6 Bxg6 33.Be6+ Kh7 34.Bf5 Bh6 35.Bxg6+ Kxg6 36.Qg3+ Kh7 37.Qd3+
f5 38.Rcd1 Re4 39.Qh3 Qxc4 40.Rxe4 fxe4 41.Qd7+ Rf7 42.Qe8 Rf1+ 43.Kh2 Rf8
44.Qxh5 Qf7 45.Qb5 Qf4+ 46.Kg1 e3 47.Qd3+ Rf5 0-1

[Event "37th Chess Olympiad 2006 Women"]
[Site "Turin, Italia"]
[Date "2006.05.25"]
[Round "5"]
[Board "2"]
[White "Foisor, Cristina Adela"]
[Black "Gansvind, Valeria"]
[Result "1/2-1/2"]
[WhiteElo "2392"]
[BlackElo "2267"]
[PlyCount "105"]
[EventDate "2006.05.21"]
[EventType "team"]
[EventRounds "13"]
[EventCountry "AUT"]
[WhiteTeam "Romania"]
[BlackTeam "Estonia"]

1.Nf3 g6 2.d4 Bg7 3.g3 d6 4.Bg2 Nf6 5.c4 c6 6.O-O O-O 7.Nc3 Qa5 8.Qd2 Qc7 9.b3
d5 10.cxd5 Nxd5 11.Bb2 Nxc3 12.Bxc3 Bf5 13.Nh4 Be6 14.Rac1 Qd7 15.Rfd1 Na6
16.Nf3 h6 17.e4 Bh3 18.d5 Bxg2 19.Kxg2 cxd5 20.Bxg7 Kxg7 21.Qb2+ Kh7 22.Rxd5 Qe6
23.Re5 Qd6 24.Rb5 b6 25.Rd5 Qe6 26.Qd4 Rac8 27.Rc4 Rxc4 28.Qxc4 Nb8 29.h4 Rc8
30.Qe2 Nc6 31.h5 Rd8 32.hxg6+ fxg6 33.Rxd8 Nxd8 34.Nd4 Qd7 35.Qc4 e5 36.Nf3 Nf7
37.a4 g5 38.b4 Kg7 39.b5 Kf6 40.Nh2 h5 41.Nf1 Qe6 42.Qe2 g4 43.Ne3 Ng5 44.Nd5+
Kg6 45.Kf1 Qf7 46.Ke1 Nf3+ 47.Kd1 Nd4 48.Qe3 Qf8 49.Kd2 Qc5 50.Qc3 Qf8 51.Qe3
Qc5 52.Qc3 Qf8 53.Qe3 1/2-1/2

[Event "37th Chess Olympiad 2006 Women"]
[Site "Turin, Italia"]
[Date "2006.05.27"]
[Round "6"]
[Board "2"]
[White "Gansvind, Valeria"]
[Black "Melendez, Gabriela Maria"]
[Result "1/2-1/2"]
[WhiteElo "2267"]
[BlackElo "1883"]
[PlyCount "69"]
[EventDate "2006.05.21"]
[EventType "team"]
[EventRounds "13"]
[EventCountry "AUT"]
[WhiteTeam "Estonia"]
[BlackTeam "El Salvador"]

1.d4 d5 2.Nf3 Nf6 3.Bg5 e6 4.e3 Be7 5.Nbd2 Nbd7 6.h3 c6 7.Bd3 O-O 8.O-O Qb6
9.Qc1 c5 10.c3 h6 11.Bh4 a6 12.Ne5 Qc7 13.f4 Nxe5 14.fxe5 Nh5 15.Qe1 g5 16.Qe2
Ng7 17.Bf2 c4 18.Bc2 b5 19.Rfd1 Bd7 20.Nf1 f5 21.exf6 Rxf6 22.e4 Raf8 23.Be3
dxe4 24.Nd2 Nf5 25.Nxe4 R6f7 26.Bf2 Bc6 27.Nc5 Bxc5 28.dxc5 Bd5 29.Rxd5 exd5
30.Qe6 Qf4 31.Qg6+ Rg7 32.Qe6+ Rgf7 33.Qg6+ Rg7 34.Qe6+ Rgf7 35.Qg6+ 1/2-1/2

[Event "37th Chess Olympiad 2006 Women"]
[Site "Turin, Italia"]
[Date "2006.05.28"]
[Round "7"]
[Board "2"]
[White "Madl, Ildiko"]
[Black "Gansvind, Valeria"]
[Result "1/2-1/2"]
[WhiteElo "2387"]
[BlackElo "2267"]
[PlyCount "0"]
[EventDate "2006.05.21"]
[EventType "team"]
[EventRounds "13"]
[EventCountry "AUT"]
[WhiteTeam "Hungary"]
[BlackTeam "Estonia"]

1.e4 c5 2.Nf3 a6 3.c3 d5 4.exd5 Nf6 5.Qa4+ Bd7 6.Qb3 Qc7 7.h3 b5 8.c4 e6 9.Nc3
exd5 10.Nxd5 Nxd5 11.cxd5 Be7 12.Be2 O-O 13.O-O Bf5 14.d3 Nd7 15.Be3 Rac8 16.a4
bxa4 17.Rxa4 Rb8 18.Qa2 Qb7 19.Bf4 Ra8 20.d4 a5 21.d6 Bd8 22.Nd2 Rb8 23.Nc4 cxd4
24.Bf3 Qe4 25.Bd2 Nc5 26.Ra3 a4 27.Re1 Qc6 28.Bf4 Rb3 29.Ne5 Qd5 30.Rd1 Be4 1/2-1/2

[Event "37th Chess Olympiad 2006 Women"]
[Site "Turin, Italia"]
[Date "2006.05.29"]
[Round "8"]
[Board "3"]
[White "Arribas Robaina, Maritza"]
[Black "Gansvind, Valeria"]
[Result "1-0"]
[WhiteElo "2235"]
[BlackElo "2267"]
[PlyCount "0"]
[EventDate "2006.05.21"]
[EventType "team"]
[EventRounds "13"]
[EventCountry "AUT"]
[WhiteTeam "Cuba"]
[BlackTeam "Estonia"]

1.e4 g6 2.d4 Bg7 3.Nf3 d6 4.h3 c6 5.c3 Nf6 6.Bd3 O-O 7.O-O Nfd7 8.Bg5 h6 9.Bh4
Re8 10.Nbd2 Nf8 11.Re1 Na6 12.Nc4 b5 13.Ne3 Qb6 14.a4 Nc7 15.e5 Be6 16.Bxe7 Rxe7
17.exd6 Rd7 18.dxc7 Rxc7 19.a5 Qb7 20.b4 Rd8 21.Qc2 Qc8 22.Rad1 Nh7 23.Nd2 Nf6
24.Ne4 Nxe4 25.Bxe4 Bd5 26.Rd2 Bf8 27.Rde2 h5 28.Qb1 a6 29.Nd1 Qd7 30.Nb2 Qd6
31.Qd3 Qf6 32.Bxd5 cxd5 33.Nd1 Bh6 34.Re8+ Rxe8 35.Rxe8+ Kh7 36.Re5 Bf4 37.Re1
Re7 38.Rxe7 Qxe7 39.g3 Bb8 40.Ne3 h4 41.Nxd5 Qg5 42.Qf3 f5 43.g4 Bd6 44.Qe3 Kh6
45.f4 Qd8 46.g5+ Kg7 47.Qe6 Bb8 48.Ne7 Bxf4 49.Qxg6+ Kh8 50.Qh6# 1-0

[Event "37th Chess Olympiad 2006 Women"]
[Site "Turin, Italia"]
[Date "2006.05.31"]
[Round "10"]
[Board "2"]
[White "Paridar, Shadi"]
[Black "Gansvind, Valeria"]
[Result "1-0"]
[WhiteElo "2210"]
[BlackElo "2267"]
[PlyCount "0"]
[EventDate "2006.05.21"]
[EventType "team"]
[EventRounds "13"]
[EventCountry "AUT"]
[WhiteTeam "Iran"]
[BlackTeam "Estonia"]

1.e4 b6 2.d4 Bb7 3.Nc3 e6 4.Nf3 h6 5.Bd3 g6 6.Be3 Bg7 7.Qd2 a6 8.h4 d6 9.O-O-O
Nd7 10.Ng1 b5 11.Nh3 Nb6 12.h5 g5 13.f4 g4 14.Nf2 Nf6 15.e5 Nfd5 16.Nxd5 Bxd5
17.Nxg4 Bxg2 18.Qxg2 Nd5 19.Be4 c6 20.f5 Qa5 21.Bxd5 exd5 22.Kb1 O-O-O 23.exd6
Rxd6 24.Ne5 Bxe5 25.dxe5 Rdd8 26.Qg7 Qc7 27.Bxh6 Rhg8 28.Qf6 Rg2 29.Be3 Re8
30.h6 Rgg8 31.h7 Rh8 32.Rdg1 1-0

[Event "37th Chess Olympiad 2006 Women"]
[Site "Turin, Italia"]
[Date "2006.06.03"]
[Round "12"]
[Board "3"]
[White "Mendoza, Beverly"]
[Black "Gansvind, Valeria"]
[Result "1-0"]
[WhiteElo "2132"]
[BlackElo "2267"]
[PlyCount "0"]
[EventDate "2006.05.21"]
[EventType "team"]
[EventRounds "13"]
[EventCountry "AUT"]
[WhiteTeam "Philippines"]
[BlackTeam "Estonia"]

1.e4 c5 2.Nc3 e6 3.Nf3 a6 4.d4 cxd4 5.Nxd4 Qc7 6.g3 Bb4 7.Bd2 Nf6 8.Bg2 Nc6
9.Nxc6 dxc6 10.O-O Be7 11.Be3 e5 12.h3 O-O 13.f4 Qa5 14.f5 Bc5 15.Qf3 Qb6
16.Bxc5 Qxc5+ 17.Kh2 b5 18.Rac1 h6 19.g4 Nh7 20.h4 Rd8 21.Qg3 Qe7 22.Rfd1 Bb7
23.Ne2 a5 24.Kh3 b4 25.Qe3 c5 26.Ng3 Rac8 27.Bf1 Rd6 28.Bb5 Qd8 29.Qe2 Rb8
30.Rxd6 Qxd6 31.Rd1 Qb6 32.Qc4 Nf8 33.Ba4 Rc8 34.g5 hxg5 35.hxg5 Rc7 36.g6 Qf6
37.Be8 Nxg6 38.fxg6 Qxg6 39.Kg2 Kf8 40.Bd7 Ke7 41.Bf5 Qc6 42.Qd3 Kf6 43.Qd8+ 1-0